000 00768nam a2200229Ia 4500
003 OSt
005 20220926044828.0
006 a|||||r|||| 00| 0
007 ta
008 220923b |||||||| |||| 00| 0 eng d
037 _cGeneral Book
040 _aRTL
_cRTL
_beng
041 _2eng
_aeng
082 _aX755::55:N2, F3
100 _aMoulton Harold G
_9126318
245 0 _aGermany's capacity to pay
_b a study of the reparati
260 _c1923
490 _aInstitute Economics of the Brookings Institution, Publications, 1; Investigations in International Economic Reconstruction, 3
700 _a Mcgurie Constance E
_9349448
942 _hX755::55:N2, F3
_cGB
_2CC
999 _c675891
_d675891